| Поле | Инд. | ПП | Название | Значение |
|---|---|---|---|---|
| Тип записи | a | |||
| Библиографический уровень | m | |||
| 001 | Контрольный номер | 004178963 | ||
| 005 | Дата корректировки | 20150513113629.8 | ||
| 008 | Кодируемые данные | 081229s2008 y zzzz 000 1 rusdu | ||
| 020 | a | ISBN | 978-5-93808-162-8 | |
| 040 | a | Служба первич. каталог. | НБ ТвГУ | |
| e | Правила каталог. | rcr | ||
| 041 | a | Код языка текста | rus | |
| 080 | a | Индекс УДК | 530.1 | |
| 084 | a | Индекс другой классификации/Индекс ББК | В313 | |
| 090 | a | Полочн. индекс | В313 | |
| x | Авторский знак | К 64 | ||
| 100 | 1_ | a | Автор | Кондраков Григорий Вениаминович |
| q | Полное имя | Кондраков Г. В. | ||
| 245 | 00 | a | Заглавие | Общая теория материи |
| 250 | a | Основные сведения об издании | Изд. 2-е, перераб. и доп. | |
| 260 | a | Место издания | Санкт-Петербург | |
| b | Издательство | Химиздат | ||
| c | Дата издания | 2008 | ||
| 300 | a | Объем | 590, [1] с., [8] л. цв. ил. | |
| b | Иллюстрации/ тип воспроизводства | ил., табл. | ||
| c | Размеры | 21 см | ||
| 504 | a | Библиография | Библиогр. в конце кн. (155 назв.) | |
| 520 | a | Аннотация | В монографии излагается новая методология научного познания. Ее применение дало возможность пересмотреть основные положения Общей теории относительности А. Эйнштейна, которые тормозили развитие физики и смежных наук на современном этапе. Введение новых представлений позволило помимо Физической Материи впервые ввести в физику Живую Материю и Материю Отражения (поля отражения, или так называемые "биополя"). Теоретическое обобщение представлений о всех трех видах материи привели к созданию "Общей теории материи", которая в сущности является теорией времени, так как Материя Времени первична и порождает все остальные виды материи. Книга рассчитана на студентов, аспирантов, преподавателей, научных работников и ученых, желающих расширить свои знания в различных областях науки и овладеть новой методологией научного познания мира. | |
| 653 | a | Ключевые слова | Движители | |
| a | Ключевые слова | Диалектический метод познания | ||
| a | Ключевые слова | Живая материя | ||
| a | Ключевые слова | Искусственный интеллект | ||
| a | Ключевые слова | Картина мира | ||
| a | Ключевые слова | Квантово-полевая картина мира | ||
| a | Ключевые слова | Квантовость пространства и времени | ||
| a | Ключевые слова | Критика марксизма-ленинизма | ||
| a | Ключевые слова | Летающие тарелки, движители | ||
| a | Ключевые слова | Марксизм-ленинизм | ||
| a | Ключевые слова | Материя | ||
| a | Ключевые слова | Материя времени | ||
| a | Ключевые слова | Материя отражения | ||
| a | Ключевые слова | Машина времени | ||
| a | Ключевые слова | Методология научного познания | ||
| a | Ключевые слова | Наука в СССР | ||
| a | Ключевые слова | Общая теория материи | ||
| a | Ключевые слова | Общая теория относительности | ||
| a | Ключевые слова | Пространство и время | ||
| a | Ключевые слова | Развитие науки | ||
| a | Ключевые слова | Развитие физики | ||
| a | Ключевые слова | Социалистический этап развития науки | ||
| a | Ключевые слова | Теоретическая физика | ||
| a | Ключевые слова | Теория материи | ||
| a | Ключевые слова | Теория относительности | ||
| a | Ключевые слова | Теория управляемого научного познания | ||
| a | Ключевые слова | Управляемое научное познание | ||
| a | Ключевые слова | Физика | ||
| a | Ключевые слова | Физическая материя | ||
| a | Ключевые слова | Физические картины мира | ||
| a | Ключевые слова | Элементарные частицы | ||
| 700 | 1_ | a | Другие авторы | Рязанова Марина Павловна |
| q | Полное имя | Рязанова, М. П. | ||
| 901 | t | Тип документа | m | |
| 920 | a | Оператор | Стру | |
| 952 | c | Вид литературы | К рн | |
| 954 | a | Дата поступления на обработку | 20111103 |